00739nam a2200205 4500001000700000003000900007007000300016008004100019100002700060245010200087250001500189260005500204300002200259490002300281700002700304830003100331852003100362999001900393952012100412113237ES-MaACLt|061121s1970 mx r ||||1| spa d1 aMyrdal, Gunnar.98476310aObjetividad en la investigación social / cpor Myrdal Gunnar ; [traducción de Remigio Jasso]. a[1ª ed.]. aMéxico : bFondo de Cultura Económica, c1970. a117 p. ; c17 cm.1 aBreviarios ; v2121 aJasso, Remigio.9661560 aBreviarios ; v2129186377 aES-MaACLjE-6187 bR.90726 c113237d113237 00104070aATENEOMbATENEOMcDEPO2d2008-01-17eSCl0oE-6187p1118109r2023-02-23 00:00:00w2023-02-23yMONOGRAFIA